000 00480nam a22001817a 4500
005 20251108165345.0
008 250721s2002 xx 000 0 ara d
082 1 4 _a646.128/عبد
100 1 _aعبد الفتاح، شعبان
245 1 0 _aملابس الأطفال /
264 1 _aعمان :
_bدار الصفاء،
_c2002.
300 _a224ص
650 1 7 _aالخياطة
650 1 7 _aالملابس
650 1 7 _aالأطفال
942 _2ddc
_cBK
999 _c25948
_d25948